000 00313nam a22001337a 4500
008 170821b xxu||||| |||| 00| 0 eng d
020 _a9780201791112
041 _aeng
080 _23 ED
_a51
100 _a37
101 _aMAT
245 _aCOLEGE ALGEBRA TRIGOMETRY ORECALCULUS
_cLIAL,H
942 _2udc
_cBK
999 _c24401
_d24401